000
00288nam a22001337a 4500
008
170327b xxu||||| |||| 00| 0 eng d
020
_a
9781579546571
041
_a
eng
080
_a
615.83
100
_a
8
101
_a
SHM
245
_a
HOME WORKOUT BIBLE
_c
SCHULER, L
942
_2
udc
_c
BK
999
_c
8708
_d
8708